<?xml version="1.0" encoding="UTF-8"?>
<record
    xmlns:xsi="http://www.w3.org/2001/XMLSchema-instance"
    xsi:schemaLocation="http://www.loc.gov/MARC21/slim http://www.loc.gov/standards/marcxml/schema/MARC21slim.xsd"
    xmlns="http://www.loc.gov/MARC21/slim">

  <leader>00743nam a22001934i 4500</leader>
  <datafield tag="999" ind1=" " ind2=" ">
    <subfield code="c">8032</subfield>
    <subfield code="d">8032</subfield>
  </datafield>
  <controlfield tag="003">OSt</controlfield>
  <controlfield tag="005">20250722134844.0</controlfield>
  <controlfield tag="008">250710e202504  spco||||||||| 000 0bcat|c</controlfield>
  <datafield tag="040" ind1=" " ind2=" ">
    <subfield code="c">cdmr</subfield>
    <subfield code="b">cat</subfield>
  </datafield>
  <datafield tag="100" ind1="1" ind2=" ">
    <subfield code="a">Delshams, Lleonard,</subfield>
    <subfield code="d">1956-</subfield>
    <subfield code="e">fot&#xF2;graf</subfield>
    <subfield code="e">autor</subfield>
  </datafield>
  <datafield tag="245" ind1="1" ind2="0">
    <subfield code="a">Lleonard Delshams des del retrovisor /</subfield>
    <subfield code="c">autor: Lleonard Delshams Vald&#xE8;s, cura de l'edici&#xF3;: Anna S&#xE0;ez Mateu i Josep Grau Santesmasses</subfield>
  </datafield>
  <datafield tag="264" ind1=" " ind2="1">
    <subfield code="a">Lleida :</subfield>
    <subfield code="b">Edicions de la Clamor,</subfield>
    <subfield code="c">2025</subfield>
  </datafield>
  <datafield tag="300" ind1=" " ind2=" ">
    <subfield code="a">143 p&#xE0;gines :</subfield>
    <subfield code="b">il&#xB7;lustracions ;</subfield>
    <subfield code="c">19 x 24 cm</subfield>
  </datafield>
  <datafield tag="600" ind1="1" ind2="7">
    <subfield code="a">Delshams, Lleonard,</subfield>
    <subfield code="d">1956-</subfield>
  </datafield>
  <datafield tag="651" ind1=" " ind2="7">
    <subfield code="a">Lleida (Catalunya)</subfield>
    <subfield code="v">Llibres de l&#xE0;mines.</subfield>
  </datafield>
  <datafield tag="700" ind1="1" ind2=" ">
    <subfield code="a">S&#xE0;ez Mateu, Anna,</subfield>
    <subfield code="e">editor literari</subfield>
  </datafield>
  <datafield tag="700" ind1="1" ind2=" ">
    <subfield code="a">Grau Santesmasses, Josep,</subfield>
    <subfield code="e">editor literari</subfield>
  </datafield>
  <datafield tag="942" ind1=" " ind2=" ">
    <subfield code="2">udc</subfield>
    <subfield code="c">MON</subfield>
  </datafield>
  <datafield tag="952" ind1=" " ind2=" ">
    <subfield code="0">0</subfield>
    <subfield code="1">0</subfield>
    <subfield code="4">0</subfield>
    <subfield code="7">0</subfield>
    <subfield code="a">CDMR</subfield>
    <subfield code="b">CDMR</subfield>
    <subfield code="d">2025-07-22</subfield>
    <subfield code="e">Donaci&#xF3;</subfield>
    <subfield code="o">Fa 6/24</subfield>
    <subfield code="p">CDMR25070003</subfield>
    <subfield code="r">2025-07-22</subfield>
    <subfield code="w">2025-07-22</subfield>
    <subfield code="y">MON</subfield>
  </datafield>
</record>
